000 00566 a2200181 4500
001 142685
040 _cLeonardo Da Vinci
041 _aPortuguês
082 _a808.8 S188l
_bS188l
100 _aSAMUEL, Rogel (Org.)
245 _aLiteratura básica
_bexercícios de Português para o ensino do segundo grau
250 _av.1
260 _bVozes
_c1985
_aPetrópolis
300 _a142
362 _a19850000
697 _aLiteratura
_aGênero lírico
_aMúsica popular
_aTelenovela
_aCinema
_aPré-Romantismo
_aRenascimento
_aExercícios
_aEnsino Médio
942 _cBK
999 _c142685
_d142685